000 00549nam a22001937a 4500
003 MPLRDC
005 20220104203447.0
008 210129b ||||| |||| 00| 0 eng d
020 _a978-986-262-191-2
082 _a740.241 GRE
100 _a葛林布莱 STEPHEN GREENBLATT
245 _a大转向
_c黄煜文 译
250 _a出版
260 _a台湾
_b猫头鹰出版
_c2014
300 _b
520 _a新书上架 2018-08-16。 2018-05-25 铅笔记录--pg.部分页面。
650 _a文艺复兴期
942 _cBK
_o740.241 GRE
999 _c68134
_d68124